| 000 | 00746nam a2200229 a 4500 | ||
|---|---|---|---|
| 001 | BRCA_2822 | ||
| 005 | 20190320204002.0 | ||
| 008 | 091208s1949----u--a######---#000-0#eng-u | ||
| 041 | _aeng | ||
| 044 | _au | ||
| 050 | 4 |
_aNK3780 _b.P37 1949 |
|
| 100 | 1 |
_aPargh Turoff, Muriel _97916 |
|
| 245 | 1 | 0 |
_aHow to Make Pottery _band other ceramic ware _cby Muriel Pargh Turoff ; illustrated by the author. |
| 260 |
_aEstados Unidos _bCrown _c1949 |
||
| 300 |
_axi, 145 p. _bil. _c24 cm. |
||
| 500 | _aIncluye lista de fuentes de abastecimiento, glosario e índice alfabético | ||
| 500 | _aDonación Dr. Héctor Rivero Borrell Vázquez | ||
| 504 | _aBibliografía: p. 133 | ||
| 650 | 1 | 4 |
_aCerámica _xTécnicas _97917 |
| 902 | _aDHR | ||
| 942 |
_2lcc _cB |
||
| 999 |
_c2562 _d2562 |
||